Ríos y ciudades de España - Estadísticas

Estadísticas generales
  • Esta prueba ha sido intentada 1.048 veces
  • La puntuación promedio es 11 de 20
Estadísticas de respuestas
Hint Respuesta % Correcto
Guadalquivir Sevilla
85%
Manzanares Madrid
83%
Miño Ourense
82%
Ebro Zaragoza
78%
Turia Valencia
69%
Pisuerga Valladolid
67%
Segura Murcia
61%
Tajo Toledo
58%
Tormes Salamanca
57%
Ter Girona
53%
Genil Granada
53%
Guadiana Mérida
52%
Henares Guadalajara
47%
Segre Lleida
46%
Urumea San Sebastián
43%
Júcar Cuenca
40%
Duero Zamora
40%
Adaja Ávila
37%
Arga Pamplona
31%
Bernesga León
28%
No se encontraron pruebas coincidentes
Distribución de puntuación
Porcentaje de gente con cada puntuación
Porcentaje por número respondido
Historial de tus puntuaciones
No has intentado esta prueba.